<?xml version="1.0" encoding="UTF-8"?>
<record
    xmlns:xsi="http://www.w3.org/2001/XMLSchema-instance"
    xsi:schemaLocation="http://www.loc.gov/MARC21/slim http://www.loc.gov/standards/marcxml/schema/MARC21slim.xsd"
    xmlns="http://www.loc.gov/MARC21/slim">

  <leader>01026nam a22002537a 4500</leader>
  <controlfield tag="008">240610b        mp ||||| |||| 00| 0 mon d</controlfield>
  <datafield tag="020" ind1=" " ind2=" ">
    <subfield code="a">978-99973-1-819-0</subfield>
  </datafield>
  <datafield tag="035" ind1=" " ind2=" ">
    <subfield code="a">44541</subfield>
  </datafield>
  <datafield tag="040" ind1=" " ind2=" ">
    <subfield code="a">HUV0167120</subfield>
    <subfield code="b">mon</subfield>
    <subfield code="c">MN-UlNLM</subfield>
    <subfield code="d">MN-UlNLM</subfield>
    <subfield code="e">rda</subfield>
  </datafield>
  <datafield tag="041" ind1=" " ind2=" ">
    <subfield code="a">mon</subfield>
  </datafield>
  <datafield tag="042" ind1=" " ind2=" ">
    <subfield code="a">95438</subfield>
  </datafield>
  <datafield tag="084" ind1=" " ind2=" ">
    <subfield code="2">NNA</subfield>
    <subfield code="a">84.8(0)</subfield>
    <subfield code="b">&#x427;-205</subfield>
  </datafield>
  <datafield tag="100" ind1=" " ind2=" ">
    <subfield code="a">&#x427;&#x430;&#x43D;&#x434;&#x430;&#x440; &#x41A;</subfield>
  </datafield>
  <datafield tag="245" ind1=" " ind2="0">
    <subfield code="a">&#x423;&#x440;&#x443;&#x443;&#x433;&#x430;&#x430; &#x443;&#x440;&#x433;&#x430;&#x441;&#x430;&#x43D; &#x43C;&#x43E;&#x434;</subfield>
  </datafield>
  <datafield tag="264" ind1=" " ind2=" ">
    <subfield code="a">&#x423;&#x43B;&#x430;&#x430;&#x43D;&#x431;&#x430;&#x430;&#x442;&#x430;&#x440;</subfield>
    <subfield code="b">&#x41C;&#x43E;&#x43D;&#x441;&#x443;&#x434;&#x430;&#x440; &#x445;&#x44D;&#x432;&#x43B;&#x44D;&#x43B;&#x438;&#x439;&#x43D; &#x433;&#x430;&#x437;&#x430;&#x440;</subfield>
    <subfield code="c">2020</subfield>
  </datafield>
  <datafield tag="300" ind1=" " ind2=" ">
    <subfield code="a">151&#x445;.</subfield>
  </datafield>
  <datafield tag="336" ind1=" " ind2=" ">
    <subfield code="2">rdacontent</subfield>
    <subfield code="a">text</subfield>
    <subfield code="b">txt</subfield>
  </datafield>
  <datafield tag="337" ind1=" " ind2=" ">
    <subfield code="2">rdamedia</subfield>
    <subfield code="a">unmediated</subfield>
    <subfield code="b">n</subfield>
  </datafield>
  <datafield tag="338" ind1=" " ind2=" ">
    <subfield code="2">rdacarrier</subfield>
    <subfield code="a">volume</subfield>
    <subfield code="b">nc</subfield>
  </datafield>
  <datafield tag="490" ind1=" " ind2=" ">
    <subfield code="a">&#x413;&#x430;&#x439;&#x445;&#x430;&#x43C;&#x448;&#x433;&#x438;&#x439;&#x43D; &#x44D;&#x440;&#x44D;&#x43B;&#x434;</subfield>
  </datafield>
  <datafield tag="650" ind1=" " ind2=" ">
    <subfield code="a">&#x411;&#x438; &#x431;&#x43E;&#x43B; &#x433;&#x443;&#x442;&#x430;&#x43B;&#x447;&#x43D;&#x44B; &#x445;&#x4AF;&#x4AF; &#x445;&#x44D;&#x43C;&#x44D;&#x43D; &#x431;&#x430;&#x445;&#x430;&#x440;&#x445;&#x430;&#x445; &#x442;&#x44D;&#x440; &#x445;&#x4AF;&#x4AF;&#x433; &#x42E;&#x441;&#x443;&#x444; &#x433;&#x44D;&#x43D;&#x44D;. &#x422;&#x44D;&#x440; &#x44D;&#x43D;&#x44D; &#x437;&#x438;&#x43D;&#x434;&#x430;&#x430;&#x433;&#x430;&#x430; &#x445;&#x430;&#x430;&#x43D;&#x44B; &#x433;&#x44D;&#x440; &#x431;&#x4AF;&#x43B;&#x438;&#x439;&#x43D;&#x445;&#x44D;&#x43D;&#x442;&#x44D;&#x439; &#x447; &#x430;&#x434;&#x438;&#x43B;&#x442;&#x433;&#x430;&#x436; &#x4AF;&#x437;&#x44D;&#x43D;. &#x422;&#x44D;&#x440; &#x44D;&#x43D;&#x44D; &#x437;&#x438;&#x43D;&#x434;&#x430;&#x430;&#x433;...</subfield>
  </datafield>
  <datafield tag="942" ind1=" " ind2=" ">
    <subfield code="2">NNA</subfield>
    <subfield code="c">BK</subfield>
  </datafield>
  <datafield tag="952" ind1=" " ind2=" ">
    <subfield code="0">0</subfield>
    <subfield code="1">0</subfield>
    <subfield code="4">0</subfield>
    <subfield code="6">8480_&#x427;205</subfield>
    <subfield code="7">0</subfield>
    <subfield code="8">HUV012</subfield>
    <subfield code="a">HUV0167120</subfield>
    <subfield code="b">HUV0167120</subfield>
    <subfield code="c">HUV012</subfield>
    <subfield code="d">2024-07-01</subfield>
    <subfield code="g">12900.00</subfield>
    <subfield code="l">0</subfield>
    <subfield code="o">84.8(0)  &#x427;-205</subfield>
    <subfield code="p">HUV0144541-1-1</subfield>
    <subfield code="r">2024-07-01</subfield>
    <subfield code="t">60068</subfield>
    <subfield code="y">BK</subfield>
  </datafield>
  <datafield tag="999" ind1=" " ind2=" ">
    <subfield code="c">1058734</subfield>
    <subfield code="d">1058791</subfield>
  </datafield>
</record>
